State, Peasants, and Land in Mid-Nineteenth-Century Egypt

محفوظ في:

المؤلف الرئيسي: Maha A. Ghalwash

التنسيق: كتاب

اللغة: Undetermined

منشور في: Cairo American University in Cairo 2023

الموضوعات:

الوسوم: إضافة وسم

لا توجد وسوم, كن أول من يضع وسما على هذه التسجيلة!

رقم الطلب: On Hold

LEADER 00505nam a2200169Ia 4500
005 20260324113531.0
008 260324s9999||||xx |||||||||||||| ||und||
020 |a 978-1649032775 
050 4 |a On Hold 
100 0 |a Maha A. Ghalwash 
245 1 0 |a State, Peasants, and Land in Mid-Nineteenth-Century Egypt  |c Maha A. Ghalwash 
264 1 |a Cairo  |b American University in Cairo  |c 2023 
300 |a 309 pages  |c 24 cm 
650 4 |a Land tenure 
650 4 |a Law and legislation 
650 4 |a Rural conditions 
999 |c 61925  |d 61925